000 00563nam a2200193Ia 4500
005 20250923145421.0
008 008 250917s9999 xx 000 0 eng d
037 _aTextual
040 _aDSWL
_beng
_cDSWL
041 _aeng
_2eng
084 _aX:75.212t4, N75
_qDSWL
245 0 _aPoverty , Unemployment and development policy
_cby United Nations
260 _aNew York
_b U.N.Publicaitons
_c1975
300 _axii,235 p.
365 _aUSD
_b9 . 0
925 _g9 . 0
942 _cTEXL
_hX:75.212t4, N75
999 _c1451108
_d1451108